Регионална библиотека "Любен Каравелов" - Русе

Сюита (Запис номер 352695)

MARC детайли
000 -Лидер
Контролно поле с фиксирана дължина 00967ncm a2200289 a 4500
003 - Код на организацията, давaща контролен номер
Контролно поле BLK
005 - Дата и час на последна редакция
Контролно поле 20250215161608.0
008 - Елементи от данни с фиксирана дължина
fixed length control field 200408b bu ||||| |||| 00| 0 bu d
040 ## - Източник на каталожния запис
Идентификатор на билиотеката - собственик на записа BLK
041 ## - Код за език
Код за езика на текст/звукозапис или на отделно заглавие Руски
Код за езика КДБФ Руски
080 ## - УДК
Текстов определител УДК Дуо виола и пиано
УДК код - определител по УДК 785.72:787.2:786.2
УДК - код + определител 785.72:787.2:786.2
080 ## - УДК
Текстов определител УДК Сюити
УДК код - определител по УДК 78.083.1
УДК - код + определител 78.083.1
100 ## - Редна дума - Автор
Автор Персел, Хенри
Авторска отговорност първи автор
R(LIN) 1299
139 ## - Редно поле
Редна дума Персел, Хенри
Авторски знак Пер - П 37
245 ## - Сведения за заглавието
Заглавие Сюита
Подзаглавни данни Для альта и фортепиано
Редно поле (дума) Хенри Персел
257 ## - Страна на издаване
Страна на създаване/издаване Русия
260 ## - Област на издателските данни
9 (RLIN) 402764
Място на издаване, разпространение и проч. Москва
Име на издателя, разпространителя и проч. Музыка
Година на издаване 1969
300 ## - Физическа характеристика
Страници 11 с.
Размери/Мащаб 29 см
Съпровождащи материали 1 щим 4 с
380 ## - Жанр
Жанр Изкуство
650 #7 - Допълнително описание по предмет – тема
Основно описание – тема или топоним Виола - сюити
Източник на редна или ключова дума
9 (RLIN) 150743
650 #0 - Допълнително описание по предмет – тема
9 (RLIN) 403690
Основно описание – тема или топоним Пиано - сюити
852 ## - Местоположение
Форматна сигнатура Цб М ІІ 5329
Фондова буква Отдел Изкуство - подръчен фонд
999 ## - СИСТЕМНИ КОНТРОЛНИ НОМЕРА
Koha biblionumber 352695
Koha biblioitemnumber 352695
942 ## - АРТИКУЛИ
Вид на библиотечния материал Нотни издания
Скрит в OPAC Не
Периодичен библиозапис Да
944 ## - СЪЗДАВАНЕ И РЕДАКЦИЯ на ЗАПИСА
Дата на регистрацията/редакция 2020-04-08
Служител, извършил регистрацията/редакцията 30560
Статус, дата на статуса Геновева Генчева
999 ## - СИСТЕМНИ КОНТРОЛНИ НОМЕРА
Koha biblioitemnumber 352695
999 ## - СИСТЕМНИ КОНТРОЛНИ НОМЕРА
Koha biblioitemnumber 352695
Наличности
Код за отписване Код за изгубен артикул Източник на класификационната схема Код за повреда Код за отдаване Артикулен № Име на библиотеката - собственик Име на библиотеката, в която се намира в момента Статус (Текущо местоположение) Дата на вписване в системата Местоположение - отдел Цена в лева Инвентарен номер Систематично азбучна сигнатура Баркод Цена в евро Служебен тип на артикула
  Не е изгубен Universal Decimal Classification Не е повреден заемане за дома 760445 Регионална библиотека "Любен Каравелов" Русе Регионална библиотека "Любен Каравелов" Русе Отдел Изкуство - подръчен фонд 2020-04-10 Отдел Изкуство - подръчен фонд 0.16 76189 787/П 37 Г 120000076189 0.08 Нотни издания
  Не е изгубен Universal Decimal Classification Не е повреден ползва се в читалня 766714 Регионална библиотека "Любен Каравелов" Русе Регионална библиотека "Любен Каравелов" Русе Хранилище 2020-05-04 Основен фонд - ползва се само за читалня 0.16 76190 Цб М ІІ 5329 120000076190 0.08 Нотни издания
Vip Innovations Ltd, Rousse, Bulgaria 2025